Diary fiction : writing as action /

Bibliographic Details
Main Author: Abbott, H. Porter
Format: Book
Language:English
Published: Ithaca : Cornell University Press, 1984.
Subjects:

MARC

Tag First Indicator Second Indicator Subfields
LEADER 00000cam a2200000 a 4500
001 in00001064021
005 20150929100922.0
008 840516s1984 nyu b 001 0 eng
010 |a  84007111  
020 |a 0801417139 (alk. paper) 
035 |a (OCoLC)10799885 
035 |9 AFP0565AM 
040 |a DLC  |c DLC  |d UtOrBLW 
049 |a TXAM 
050 0 0 |a PN3448.A8  |b A2 1984 
082 0 |a 809.3  |2 19 
100 1 |a Abbott, H. Porter. 
245 1 0 |a Diary fiction :  |b writing as action /  |c H. Porter Abbott. 
264 1 |a Ithaca :  |b Cornell University Press,  |c 1984. 
300 |a 228 pages ;  |c 24 cm. 
336 |a text  |b txt  |2 rdacontent 
337 |a unmediated  |b n  |2 rdamedia 
338 |a volume  |b nc  |2 rdacarrier 
504 |a Bibliography: pages 207-222. 
500 |a Includes index. 
650 0 |a Autobiographical fiction  |x History and criticism. 
650 0 |a Diaries  |x History and criticism. 
650 0 |a Epistolary fiction  |x History and criticism. 
650 0 |a Diary fiction  |x History and criticism. 
999 |a MARS 
999 f f |s 177f8aa7-ee1e-355e-9a73-365ac550df7a  |i a4c27ef4-0abe-3225-8bf0-86ebe7ca2e4d  |t 0 
952 f f |p ric  |a Texas A&M University  |b Rellis Campus  |c Joint Library Facility  |d Remote Storage  |t 0  |e PN3448.A8 A2 1984  |h Library of Congress classification  |i unmediated -- volume  |m A14815991718 
998 f f |a PN3448.A8 A2 1984  |t 0  |l Remote Storage